000
00232nam a2200097Ia 4500
005
20251222154311.0
008
251222s9999||||xx |||||||||||||| ||spa||
082
_a
REF.985.008/C76/T.VI/V.V
245
0
_a
Asuntos militares
942
_c
LIB
999
_c
33405
_d
33405